|
|
|
|
| LEADER |
00000nam a2200000 a 4500 |
| 001 |
vtls008383820 |
| 003 |
SK-MaSNL |
| 005 |
20260302074657.0 |
| 008 |
251124s1951 xo hun |
| 015 |
|
|
|a SKSNBA19451955-006972
|
| 035 |
|
|
|a SK01SNKBKSFS20020076037
|
| 035 |
|
|
|a SKM000078500
|
| 040 |
|
|
|a SNK
|b slo
|c SNK
|e AACR2
|
| 041 |
1 |
|
|a hun
|
| 044 |
|
|
|a xo
|
| 080 |
|
|
|a 809.451.1(075)
|2 1981
|
| 080 |
|
|
|a 372(075)
|2 1981
|
| 245 |
1 |
0 |
|a Magyar nyelvtan és gyakorlókönyv
|b a csehszlovákiai magyar tannyelvű nemzeti iskolák 4. fellépő osztálya számára
|c szerk. a bratislavai Áll. Ped. Intézet mellett működő tankönyvbizottság
|
| 260 |
|
|
|a Bratislava
|b Állami Kiadó.
|c [1951]
|e Komárno
|f Západoslov. tlač.
|
| 300 |
|
|
|a 60, [3] s.
|c V. 8°
|
| 563 |
|
|
|a 6.000 výtlač.
|
| 650 |
0 |
7 |
|a maďarčina
|x učebnice základných škôl
|2 SNK
|9 399657
|
| 655 |
|
7 |
|a učebnice
|2 SNKPH
|9 22521
|
| 852 |
|
|
|a Slovenská národná knižnica v Martine
|b 10000
|h MS SD 7835
|
| 852 |
|
|
|a Univerzitná knižnica v Bratislave
|b 300000
|h SF 7370
|
| 852 |
|
|
|a Štátna vedecká knižnica v Košiciach
|b 900000
|h II 51284
|
| 852 |
|
|
|a Ústredná knižnica SAV v Bratislave
|b 600000
|h A 3179
|
| 852 |
|
|
|a Národní knihovna ČR Praha
|b 9090000
|h I 59640
|
| 852 |
|
|
|a Univerzitní knihovna Praha
|b 9230000
|h H 3550
|
| 958 |
|
|
|a OND
|
| 958 |
|
|
|a RK
|
| 958 |
|
|
|a TL
|
| 999 |
|
|
|c 1166027
|d 1167957
|
| 952 |
|
|
|a SNK
|b SNK
|y VYP
|7 0
|p 17A0887097
|o snkSD 7835 D1
|i snkD 790/74
|8 1
|0 0
|1 0
|4 0
|d 2012-02-13
|l 0
|r 2026-02-24 20:48:43
|w 2026-02-24
|